States with the Most Jet's Pizza Locations Quiz - Statistics

General Stats
  • This quiz has been taken 34 times
    26 since last reset
  • The average score is 7 of 10
Answer Stats
# State % Correct
41 Florida
82%
34 Illinois
82%
48 Ohio
82%
15 Indiana
76%
166 Michigan
76%
14 Kentucky
71%
27 Texas
71%
36 Tennessee
59%
14 North Carolina
47%
13 Colorado
29%
No matching quizzes found
Score Distribution
Percent of People with Each Score
Percentile by Number Answered
Your Score History
You have not taken this quiz since the last reset